00885 2200301 4500001002100000005001500021035002000036007000300056008004100059020002200100040002200122082001400144084001600158090001900174100002800193245005500221250002000276300003700296440007000333650002200403850001200425264003200437336002100469337003000490338002300520990002000543990002000563INLIS00000000087266620220906105845 a0010-0922000194ta220906s2020 yoia a 1 ind d a978-623-90105-8-4 aYOPDYOGbinderda04223a028.5 a028.5 MUL d aPK 028.5 MUL d0 aMulasih Taryepengarang10aDisiplin /cMulasih Tary; penyunting, Mulasih Tary aCetakan I, 2020 a47 halaman :bilustrasi ;c24 cm aSeri cerita anak milenial tentang nilai-nilai karakter bangsa #04 4aBacaan Kank-kanak aYOPDYOG31aSleman :bSalma Kids,c2020 2rdacontentateks 2rdamediaatanpa perantara 2rdacarrieravolume a46262-PD/B.2022 a46263-PD/B.2022